|
|
|
|
| LEADER |
05995nam a22004093i 4500 |
| 001 |
EBC30686019 |
| 003 |
MiAaPQ |
| 005 |
20231204023231.0 |
| 006 |
m o d | |
| 007 |
cr cnu|||||||| |
| 008 |
231204s2009 xx o ||||0 ger d |
| 020 |
|
|
|a 9783631756874
|q (electronic bk.)
|
| 020 |
|
|
|z 9783631590782
|
| 035 |
|
|
|a (MiAaPQ)EBC30686019
|
| 035 |
|
|
|a (Au-PeEL)EBL30686019
|
| 035 |
|
|
|a (OCoLC)1397574258
|
| 040 |
|
|
|a MiAaPQ
|b eng
|e rda
|e pn
|c MiAaPQ
|d MiAaPQ
|
| 100 |
1 |
|
|a Köller, Mareike.
|
| 245 |
1 |
0 |
|a Auslaendische Direktinvestitionen und Regionale Integration - das Beispiel Irland.
|
| 250 |
|
|
|a 1st ed.
|
| 264 |
|
1 |
|a Frankfurt a.M. :
|b Peter Lang GmbH, Internationaler Verlag der Wissenschaften,
|c 2009.
|
| 264 |
|
4 |
|c {copy}2009.
|
| 300 |
|
|
|a 1 online resource (286 pages)
|
| 336 |
|
|
|a text
|b txt
|2 rdacontent
|
| 337 |
|
|
|a computer
|b c
|2 rdamedia
|
| 338 |
|
|
|a online resource
|b cr
|2 rdacarrier
|
| 490 |
1 |
|
|a Cege-Schriften Series ;
|v v.16
|
| 505 |
0 |
|
|a Cover -- Abbildungsverzeichnis -- Tabellenverzeichnis -- Abkürzungsverzeichnis -- 1 EINLEITUNG -- 1.1 Problemstellung -- 1.2 Vorgehensweise -- 2 DIREKTINVESTITIONSGRUNDLAGEN -- 2.1 Abgrenzung und Formen von Direktinvestitionen -- 2.1.1 Abgrenzung zu anderen Kapitalformen und Begriffen -- 2.1.2 Formen von Direktinvestitionen -- 2.1.3 Überblick über Direktinvestitionstendenzen in der Welt -- 2.2 Erklärungsansätze für Direktinvestitionen -- 2.2.1 Ältere Erklärungsansätze -- 2.2.1.1 Klassische Ansätze -- 2.2.1.2 Hymer-Ansatz -- 2.2.1.3 Internalisierungshypothese -- 2.2.1.4 Standortspezifische Ansätze -- 2.2.1.5 Produktlebenszyklushypothese -- 2.2.1.6 Oligopolistische Reaktionshypothese -- 2.2.1.7 OLI-Paradigma -- 2.2.2 Erklärungsansätze für horizontale Direktinvestitionen -- 2.2.3 Erklärungsansätze für vertikale Direktinvestitionen -- 2.2.4 Zusammenführung der Ansätze für horizontale und vertikale Direktinvestitionen? -- 2.2.5 Ansätze zu den Eintrittsmöglichkeiten: M& -- A vs. Greenfield -- 2.3 Standortspezifische Determinanten von Direktinvestitionen -- 2.3.1 Nationale Standortbedingungen -- 2.3.1.1 Marktbedingungen -- 2.3.1.2 Kostenbedingungen -- 2.3.1.3 Geld- und währungspolitische Bedingungen -- 2.3.1.4 Politisch-rechtliche Bedingungen -- 2.3.1.5 Weitere Faktoren -- 2.3.2 Einflussnahme des Empfängerlandes -- 2.3.2.1 Infrastrukturmaßnahmen -- 2.3.2.2 Handelspolitische Maßnahmen -- 2.3.2.3 Steuerpolitische Maßnahmen -- 2.3.2.4 Sonstige Investitionsanreize -- 2.3.3 Zwischenfazit -- 3 DIREKTINVESTITIONEN UND REGIONALE INTEGRATION -- 3.1 Grundlagen - regionale Integration -- 3.1.1 Zur Theorie regionaler Integration -- 3.1.2 Die Europäische Integration -- 3.2 Beeinflussung der standortspezifischen Determinanten -- 3.2.1 Änderung der nationalen Rahmenbedingungen -- 3.2.2 Änderung des Einflusses des Mitgliedslandes -- 3.2.3 Zwischenfazit.
|
| 505 |
8 |
|
|a 3.3 Strategien von Multinationalen Unternehmen bei regionaler Integration -- 3.3.1 Zusammenhang zwischen regionaler Integration und Direktinvestitionen -- 3.3.2 Direktinvestitionen horizontaler Natur - Marktbedienung -- 3.3.2.1 Fall A: Direktinvestitionen aus Drittländern -- 3.3.2.2 Fall B: Direktinvestitionen aus Mitgliedsländern -- 3.3.3 Direktinvestitionen vertikaler Natur - Standortentscheidung -- 3.3.3.1 Fall A: Direktinvestitionen aus Drittländern -- 3.3.3.2 Fall B: Direktinvestitionen aus Mitgliedsländern -- 3.3.4 Berücksichtigung der Eintrittsmöglichkeiten -- 3.3.5 Zwischenfazit -- 3.4 Direktinvestitionen und die europäische Integration -- 3.4.1 Besonderheiten der europäischen Integration -- 3.4.2 Bisherige Entwicklung -- 4 STANDORT IRLAND IM EUROPÄISCHEN INTEGRATIONSPROZESS -- 4.1 Ökonomische Entwicklung und Direktinvestitionen in Irland -- 4.1.1 Irland vor dem EG-Beitritt -- 4.1.2 Die Entwicklung bis Ende der 80er Jahre -- 4.1.3 Die Entwicklung im europäischen Binnenmarkt -- 4.1.4 Die Situation seit 2000 -- 4.1.5 Zwischenfazit -- 4.2 Die irische Strategie der Direktinvestitionsanwerbung -- 4.2.1 Nationale Standortbedingungen -- 4.2.2 Einflussnahme Irlands -- 4.2.3 Integrationsspezifische Einflüsse -- 4.3 Strategien der ausländischen Unternehmen in Irland -- 4.3.1 Horizontale Direktinvestitionen -- 4.3.2 Vertikale Direktinvestitionen -- 4.3.3 Exportplattform-Direktinvestitionen -- 4.3.4 Berücksichtigung der Eintrittsmöglichkeiten -- 4.3.5 Zwischenfazit -- 4.4 Probleme der irischen Strategie der Direktinvestitionsanziehung -- 4.5 Langfristige Perspektiven Irlands in der EU -- 5 ÜBERTRAGUNGSMÖGLICHKEITEN FÜR DIE NEUEN OSTEUROPÄISCHEN MITGLIEDSLÄNDER DER EU -- 5.1 Ergebnisse aus dem irischen Erfolg -- 5.1.1 Besonderheiten Irlands -- 5.1.2 Übertragungsansätze der irischen Strategie -- 5.2 MOEL und Irland: Ein Vergleich.
|
| 505 |
8 |
|
|a 5.2.1 Direktinvestitionsentwicklung in den MOEL -- 5.2.2 Sonderfall Transformationsländer -- 5.2.3 Integrationsspezifische Einflüsse -- 5.2.4 Standortdeterminanten im Vergleich mit Irland -- 5.3 Übertragungsmöglichkeiten für die MOEL -- 5.3.1 Exportplattform-Direktinvestitionen in ausgewählten MOEL? -- 5.3.2 Wirtschaftspolitische Implikationen für die Direktinvestitionsanziehung -- 6 ZUSAMMENFASSUNG -- LITERATURVERZEICHNIS -- ANHANG.
|
| 588 |
|
|
|a Description based on publisher supplied metadata and other sources.
|
| 590 |
|
|
|a Electronic reproduction. Ann Arbor, Michigan : ProQuest Ebook Central, 2023. Available via World Wide Web. Access may be limited to ProQuest Ebook Central affiliated libraries.
|
| 655 |
|
4 |
|a Electronic books.
|
| 776 |
0 |
8 |
|i Print version:
|a Köller, Mareike
|t Auslaendische Direktinvestitionen und Regionale Integration - das Beispiel Irland
|d Frankfurt a.M. : Peter Lang GmbH, Internationaler Verlag der Wissenschaften,c2009
|z 9783631590782
|
| 797 |
2 |
|
|a ProQuest (Firm)
|
| 830 |
|
0 |
|a Cege-Schriften Series
|
| 856 |
4 |
0 |
|u https://ebookcentral.proquest.com/lib/matrademy/detail.action?docID=30686019
|z Click to View
|